00306nam a2200109Ia 450000500170000000800410001710000230005824500720008126000140015330000110016765000180017820260328101511.0260328s9999||||xx |||||||||||||| ||und|| aWogenscky, André 0aLe Corbusier Sketchbooks :b Vol.1 (1914-1948) /cAndré Wogenscky bMIT Press a456 p. aCorbusier, Le